000 00667nam a22002177a 4500
003 OSt
005 20170112131005.0
008 170112b xxu||||| |||| 00| 0 eng d
020 _a9780821377284
040 _cDDC
082 _a332.1 GRE 2009
100 _aGreuning, Van Hennie; Bratanovic, Sonja Brajovic
_911386
245 _aAnalyzing Banking Risk: a framework for assessing corporate governance and risk management
250 _a3rd ed.
260 _aWashington D.C; The World Bank, 2009
300 _axiv, 422p; ill: 23cm
504 _aAppendices included
650 _aBanking management
_95927
650 _aRisk management
_97911
942 _2z
_cO_SHELF
999 _c5449
_d5449